Affrontez l'Alphabet #32 (spécial villes du Monde) - Statistiques

Statistiques générales
  • Ce quiz a été pris 61 fois
  • Le résultat moyen est 8 sur 11
Statistiques - réponses
Hint Réponse % Correct
Donne les 2 lettres manquantes dans le nom de cette ville du Monde en photo : NEW _OR_
YK
100%
Donne les 2 lettres manquantes dans le nom de cette ville du Monde en photo : _EK_N
PI
98%
Donne les 2 lettres manquantes dans le nom de cette ville du Monde en photo : IS_AN_UL
TB
98%
Donne les 2 lettres manquantes dans le nom de cette ville du Monde en photo : CHI_AG_
CO
92%
Donne les 2 lettres manquantes dans le nom de cette ville du Monde en photo : _AKA_TA
JR
92%
Donne les 2 lettres manquantes dans le nom de cette ville du Monde en photo : _HAN_HAI
SG
92%
Donne les 2 lettres manquantes dans le nom de cette ville du Monde en photo : ALE_AN_RIE
XD
92%
Donne les 2 lettres manquantes dans le nom de cette ville du Monde en photo : _ANI_LE
ML
78%
Donne les 2 lettres manquantes dans le nom de cette ville du Monde en photo : _ _ANDA
LU
18%
Donne les 2 lettres manquantes dans le nom de cette ville du Monde en photo : P_RT_
EH
14%
Dernière Question : Donne la lettre manquante dans le nom de cette ville du Monde en photo : _ROCLAW
W
12%
Aucun quiz correspondant
Distribution des résultats
% des personnes avec chaque résultat
Percentile par nombre de réponses
Votre historique - résultats
Vous n’avez pas pris ce quiz